<?xml version="1.0" encoding="UTF-8"?>
<marc:record xmlns:marc="http://www.loc.gov/MARC21/slim">
   <marc:leader>00000nam a2200000 a 4500</marc:leader>
   <marc:datafield ind1="1" ind2=" " tag="100">
      <marc:subfield code="a">Empson, Clare</marc:subfield>
      <marc:subfield code="4">aut</marc:subfield>
      <marc:subfield code="e">Verfasser/-in</marc:subfield>
   </marc:datafield>
   <marc:datafield ind1="0" ind2="0" tag="245">
      <marc:subfield code="a">Eines Tages für immer</marc:subfield>
   </marc:datafield>
   <marc:datafield ind1="0" ind2="0" tag="245">
      <marc:subfield code="b">Roman</marc:subfield>
   </marc:datafield>
   <marc:datafield ind1="0" ind2="0" tag="245">
      <marc:subfield code="c">Empson, Clare</marc:subfield>
   </marc:datafield>
   <marc:datafield ind1=" " ind2="1" tag="264">
      <marc:subfield code="a">München</marc:subfield>
      <marc:subfield code="b">Blanvalet</marc:subfield>
      <marc:subfield code="c">2021</marc:subfield>
   </marc:datafield>
   <marc:datafield ind1="1" ind2=" " tag="520">
      <marc:subfield code="a">2000: Nach außen hin wirkt Lukes Leben perfekt – wäre da nicht eine Frage, die ihn seit Kindertagen umtreibt: Wer ist seine leibliche Mutter? Als er nach langer Suche schließlich vor dem Anwesen der Malerin Alice steht, ahnt er nicht, dass deren tragische Geschichte nicht nur bei ihm alte Wunden aufreißen wird.&#xD;
1972: Eigentlich sollte es nur ein ausgelassener Konzertbesuch werden, doch als die 19-jährige Kunststudentin Alice das erste Mal auf Jacob Earl trifft, ist es um sie geschehen. Der Sänger der Band Disciples ist nicht nur unglaublich talentiert und gut aussehend, ihn umgibt auch etwas Geheimnisvolles, dem Alice sich nicht entziehen kann. Aus einer stürmischen Affäre wird bald ein gemeinsames Leben, doch Alice’ Familie und Freunde sind gegen eine Verbindung der beiden.&#xD;
(Verlagstext)</marc:subfield>
   </marc:datafield>
   <marc:datafield ind1=" " ind2=" " tag="020">
      <marc:subfield code="a">9783734108037</marc:subfield>
      <marc:subfield code="9">9783734108037</marc:subfield>
   </marc:datafield>
   <marc:datafield ind1=" " ind2=" " tag="020">
      <marc:subfield code="a">3734108039</marc:subfield>
      <marc:subfield code="9">3734108039</marc:subfield>
   </marc:datafield>
   <marc:datafield ind1=" " ind2=" " tag="041">
      <marc:subfield code="a">ger</marc:subfield>
   </marc:datafield>
   <marc:datafield ind1=" " ind2=" " tag="338">
      <marc:subfield code="a">Band</marc:subfield>
   </marc:datafield>
   <marc:datafield ind1=" " ind2=" " tag="300">
      <marc:subfield code="a">475 Seiten</marc:subfield>
   </marc:datafield>
</marc:record>
